000 00388 a2200169 4500
001 49880
020 _a9788565513036
040 _cAnchieta - Bela Vista
100 _aCaggy, Ricardo Costa
240 1 0 _aPedro o pequeno empreendedor
_lpor
245 1 0 _aPedro o pequeno empreendedor
300 _a14
362 0 _a2015
440 1 _aPipa
650 4 _aLiteratura juvenil
942 _cBK
999 _c49880
_d49880